000 00479nam a2200205Ia 4500
008 240509s9999 xx 000 0 und d
020 _a0000029464781
041 _aEng
082 _a004.6
082 _bS71
100 _aSTALLINGS, W:
245 0 _aData and computer communications
250 _a3rd ed.
260 _bNew York : Macmillan
260 _c1991
300 _a817 p.
650 _aData Communication : Computer Networks
942 _2ddc
942 _cLBK
999 _c22006
_d22006
945 _a1
_bMadushi Gamage
_c1
_dMadushi Gamage